00486nam a2200121 a 450000100100000000500170001000800410002704000250006810000480009324501320014126000490027330000420032200003232520200930065601.0110714s1906 dr 000 0 spa d aDO-SdBNPbspacBNPHU1 aRepública DominicanabHacienda y comercio10aMemoria que al ciudadano presidente de la república presenta el secretario de estado en los despachos de Hacienda y comercio. aSanto Domingo :bImp. Flor del Ozama,c1906. a1v. con varias paginaciones ;c27 cm.